Loading...
| Philosophy | 0 | 3 | 0 | 0 | 30 | 117 | 131.67 | 1 | 1 | 0.00 | 0.00 |
| Science - Physics | 0 | 3 | 0 | 1 | 30 | 135 | 139.67 | 0 | 0 | 0.00 | 0.00 |
| Literature - American | 0 | 2 | 0 | 1 | 20 | 147 | 152.50 | 0 | 0 | 0.00 | 0.00 |
| Literature - World | 0 | 3 | 2 | 0 | 20 | 125 | 139.33 | 0 | 0 | 0.00 | 0.00 |
| History - American | 0 | 2 | 0 | 1 | 20 | 119 | 138.00 | 0 | 0 | 0.00 | 0.00 |
| Literature - European | 0 | 2 | 0 | 0 | 20 | 130 | 146.50 | 0 | 0 | 0.00 | 0.00 |
| Other Science (Math) | 0 | 2 | 1 | 1 | 15 | 138 | 144.00 | 0 | 1 | 0.00 | 0.00 |
| Literature - British | 0 | 1 | 0 | 1 | 10 | 156 | 156.00 | 0 | 0 | 0.00 | 0.00 |
| Religion | 0 | 1 | 0 | 0 | 10 | 115 | 115.00 | 0 | 1 | 0.00 | 0.00 |
| Other Science (Astronomy) | 0 | 1 | 1 | 1 | 5 | 151 | 151.00 | 0 | 0 | 0.00 | 0.00 |
| Science - Chemistry | 0 | 1 | 1 | 0 | 5 | 111 | 111.00 | 0 | 0 | 0.00 | 0.00 |
| Fine Arts - Classical Music and Opera | 0 | 0 | 0 | 0 | 0 | 0.00 | 0 | 0 | 0.00 | 0.00 | |
| Science - Biology | 0 | 0 | 0 | 0 | 0 | 0.00 | 0 | 0 | 0.00 | 0.00 | |
| History - European | 0 | 0 | 1 | 0 | -5 | 0.00 | 0 | 0 | 0.00 | 0.00 | |
| Fine Arts - Other Arts | 0 | 0 | 1 | 0 | -5 | 0.00 | 0 | 0 | 0.00 | 0.00 |